[Event "Mumbai Wealth U13 op 5th"]
[Site "Mumbai"]
[Date "2020.01.07"]
[Round "9"]
[White "Sapre, Vedang"]
[Black "Deoshatwar, Ojas"]
[Result "1/2-1/2"]
[WhiteElo "1089"]
[BlackElo "1263"]
[PlyCount "103"]
[EventDate "2019.12.30"]
[EventType "swiss"]
[EventRounds "9"]
[EventCountry "IND"]
[SourceTitle "CBM 194 Extra"]
[Source "ChessBase"]
[SourceDate "2020.03.31"]
[SourceVersion "1"]
[SourceVersionDate "2020.03.31"]
[SourceQuality "1"]

1. e4 e5 2. Nf3 Nc6 3. Bc4 Nf6 4. d3 Bc5 5. Nc3 d6 6. Bg5 h6 7. Bxf6 Qxf6 8. Nd5 Qd8 9. Qd2 Bg4 10. Ne3 Bxf3 11. gxf3 Nd4 12. Qd1 Qf6 13. Nd5 Qxf3 14. Qxf3 Nxf3+ 15. Ke2 Nd4+ 16. Kd2 0-0-0 17. b4 Bb6 18. c3 Nf3+ 19. Ke2 Ng5 20. Nxb6+ axb6 21. h4 Ne6 22. Bxe6+ fxe6 23. Rhg1 Rhg8 24. Rg6 Rde8 25. Rag1 Re7 26. Rxh6 Rf8 27. Rhg6 Ref7 28. R1g2 Rh8 29. Rxg7 Rxg7 30. Rxg7 Rxh4 31. Rg8+ Kd7 32. Rg7+ Kc6 33. c4 d5 34. exd5+ exd5 35. Rg6+ Kd7 36. Rg7+ Kc8 37. Rg8+ Kd7 38. Rg7+ Kd6 39. Rg6+ Ke7 40. Rg7+ Kd8 41. Rg8+ Ke7 42. Rg7+ Kd6 43. Rg6+ Ke7 44. Rg7+ Kd8 45. Rg8+ Ke7 46. Rg7+ Kd6 47. Rg6+ Kd7 48. Rg7+ Kc8 49. Rg8+ Kd7 50. Rg7+ Kd6 51. Rg6+ Ke7 52. Rg7+ 1/2-1/2

[Event "Mumbai Wealth U13 op 5th"]
[Site "Mumbai"]
[Date "2019.12.30"]
[Round "1"]
[White "Sapre, Vedang"]
[Black "Bajaj, Prakhar"]
[Result "0-1"]
[WhiteElo "1089"]
[BlackElo "1779"]
[PlyCount "94"]
[EventDate "2019.12.30"]
[EventType "swiss"]
[EventRounds "9"]
[EventCountry "IND"]
[SourceTitle "CBM 194 Extra"]
[Source "ChessBase"]
[SourceDate "2020.03.31"]
[SourceVersion "1"]
[SourceVersionDate "2020.03.31"]
[SourceQuality "1"]

1. e4 c5 2. Nf3 e6 3. d3 d5 4. Nbd2 Nf6 5. g3 Nc6 6. Bg2 Be7 7. 0-0 0-0 8. e5 Nd7 9. Re1 b5 10. Nf1 a5 11. Bf4 b4 12. h4 a4 13. N1h2 Ba6 14. Ng4 Qb6 15. Ng5 b3 16. axb3 axb3 17. c3 Bb7 18. Rxa8 Rxa8 19. Nh2 h6 20. Nh3 d4 21. c4 Ra2 22. Bc1 Ncxe5 23. Bxb7 Qxb7 24. f4 Nc6 25. Nf3 Bd8 26. Nd2 Ba5 27. Re2 Bxd2 28. Rxd2 Ra1 29. Qe1 Nb4 30. Rd1 Qf3 31. Kh2 Nxd3 32. Qd2 Rxc1 33. Rxc1 Nxc1 34. Qxc1 Qe2+ 35. Kh1 Qc2 36. Qa1 d3 37. Qa8+ Nf8 38. Qg2 d2 39. Nf2 d1R+ 40. Nxd1 Qxd1+ 41. Kh2 Qc2 42. Kg1 Qxc4 43. Qh2 Qc1+ 44. Kf2 Qxb2+ 45. Kg1 Qxh2+ 46. Kxh2 b2 47. Kg2 b1Q 0-1